| 000 | 00421cam a2200157ua 4500 | ||
|---|---|---|---|
| 020 | _a0074519557 | ||
| 082 |
_a690 _bART/BU |
||
| 100 |
_aArthanari, S . _9859 |
||
| 245 | _aBuilding Technology and Valuation / | ||
| 250 | _a2 / | ||
| 260 |
_aNew Delhi : _bTata Mc-Graw Hill Publishing Company , _c2003 |
||
| 300 | _a260 ; . | ||
| 490 | _aTechnical Education Series | ||
| 700 | 1 |
_aAngustince, A.G . _9860 |
|
| 942 | _cBK | ||
| 999 |
_c1657 _d1657 |
||